Problémy vykazovania finančnej výkonnosti/výnosnosti v účtovníctve

Poskytnutie informácií o finančnej situácii, výkonnosti prostredníctvom účtovnej závierky. Potreba poznanie celkovej výkonnosti podniku pre externých používateľov viedla k vydaniu SFAS 130 - Vykazovanie úplného výsledku hospodárenia. Charakteristika úplného výsledku hospodárenia. Výkaz ziskov a strá...

Descrizione completa

Salvato in:
Dettagli Bibliografici
Autore principale: Baštincová, Anna
Natura: Capitolo di libro
Lingua:slovacco
Soggetti:
Tags: Aggiungi Tag
Nessun Tag, puoi essere il primo ad aggiungerne!!

MARC

LEADER 00000naa$a2200000$$$4500
001 0057370
005 20240502071640.1
041 0 |a slo 
044 |a SK 
245 1 0 |a Problémy vykazovania finančnej výkonnosti/výnosnosti v účtovníctve  |c Anna Baštincová 
520 |a Poskytnutie informácií o finančnej situácii, výkonnosti prostredníctvom účtovnej závierky. Potreba poznanie celkovej výkonnosti podniku pre externých používateľov viedla k vydaniu SFAS 130 - Vykazovanie úplného výsledku hospodárenia. Charakteristika úplného výsledku hospodárenia. Výkaz ziskov a strát ako zdroj informácií o výkonnosti podniku. Slovenská účtovná legislatíva. 
610 2 0 |a výkonnosť 
610 2 0 |a výnosnosť 
610 2 0 |a výsledok hospodársky 
610 2 0 |a IFRS 
610 2 0 |a výkaz ziskov a strát 
610 2 0 |a legislatíva 
610 2 0 |a účtovníctvo 
100 1 |a Baštincová, Anna